| 000 | 00406nam a22001457a 4500 | ||
|---|---|---|---|
| 020 | _a9781537163291 | ||
| 082 |
_a513.2 _bSAI |
||
| 100 | _aSAI Speed Math Academy | ||
| 245 | _aLearn to do Math with Soroban: a Japanese Abacus | ||
| 260 |
_aUSA: _bCreateSpace Independent Publishing Platform, _c2022. |
||
| 300 | _a154p. | ||
| 563 | _aP.B | ||
| 650 |
_aJapanese Abacus _9131028 |
||
| 942 |
_2ddc _cLC |
||
| 999 |
_c615110 _d615110 |
||